Příplatek k částečnému vyrovnání životních nákladů.

Zmysel príplatku k čiastočnému vyrovnaniu rastu životných nákladov upraveného vyhláškou č. 151 z 3. apríla 1991. Rozdiel medzi príplatkom a príspevkom podľa zákonného opatrenia č. 206 z 29. mája 1990. Výška príplatku a možné formy jeho realizácie.

Gespeichert in:
Bibliographische Detailangaben
1. Verfasser: Baloušek, A.
Format: Buchkapitel
Sprache:Tschechisch
Schlagworte:
Tags: Tag hinzufügen
Keine Tags, Fügen Sie das erste Tag hinzu!

MARC

LEADER 00000naa a2200000 4500
001 r004422
005 20221125081033.4
041 0 |a cze 
044 |a [CS] 
245 1 0 |a Příplatek k částečnému vyrovnání životních nákladů.  |c A. Baloušek 
520 |a Zmysel príplatku k čiastočnému vyrovnaniu rastu životných nákladov upraveného vyhláškou č. 151 z 3. apríla 1991. Rozdiel medzi príplatkom a príspevkom podľa zákonného opatrenia č. 206 z 29. mája 1990. Výška príplatku a možné formy jeho realizácie. 
610 2 0 |a náklady životné 
610 2 0 |a príplatky 
610 2 0 |a mzdy 
610 2 0 |a zvyšovanie cien 
610 2 0 |a vyhlášky 
610 2 0 |a 1991 
610 2 0 |a ČSFR 
100 1 |a Baloušek, A.